NBA 2k21 all-time Golden State Warriors - Statistics

General Stats
  • This quiz has been taken 279 times
  • The average score is 9 of 15
Answer Stats
Overall Player % Correct
97 Stephen Curry
99%
91 Klay Thompson
97%
98 Wilt Chamberlain
97%
89 Draymond Green
92%
96 Kevin Durant
88%
95 Rick Barry
79%
94 Chris Mullin
74%
84 Andre Iguodala
58%
92 Nate Thurmond
49%
91 Tim Hardaway
46%
91 Baron Davis
41%
87 Mitch Richmond
33%
87 Jason Richardson
29%
88 Sleepy Floyd
18%
86 Purvis Short
15%
No matching quizzes found
Score Distribution
Percent of People with Each Score
Percentile by Number Answered
Your Score History
You have not taken this quiz